000 01383cam a22003857a 4500
003 CHAP
005 20220817044014.0
008 050317d2003 ca a r 00110 eng d
010 _a89851
011 _a90823
020 _a0763715867
035 _a101380
040 _cCHAP
082 0 4 _a631.522
_bC44 2003
100 0 0 _aChrispeels, Maarten J.
_922898
245 1 0 _aPlants, genes, and crop biotechnology
_c/by Maarten J. Chrispeels, and David E. Sadava
250 _a2 ed.
260 _aBoston, MA :
_bJones and Bartlett,
_c2003
300 _axxiv, 562 p. :
_bilus. ; gráfs. ; tablas ; mapas
590 _aBATCH-UPD
_b10
_c20130110
_lUCH01
_h0925
590 _aBATCH-UPD
_b10
_c20130410
_lUCH01
_h0546
590 _aBATCH-UPD
_b10
_c20130914
_lUCH01
_h0641
590 _aCONVERSION
_b10
_c20130109
_lUCH01
_h1350
650 1 4 _aBiotecnología.
_912878
650 1 4 _aGenética vegetal.
650 1 4 _aIngeniería genética.
_958228
650 1 4 _aPlantas
_xMejoramiento.
_988849
700 0 _aSadava, David E.
_9101150
901 _aBK
905 _aLilia
942 _cLIBRO
949 _a631.522 C44 2003
_bBC
_cLIBRO
_d33724000953246
_eLIBRO
_h105213
_i101380
_si
949 _a631.522 C44 2003
_bBC
_cLIBRO
_d33724002057603
_eLIBRO
_fc.2
_g237640
_h109518
_i101380
_sb
_t$1.335.35
949 _a631.522 C44 2003
_bBC
_cLIBRO
_d33724002057611
_eLIBRO
_fc.3
_g237639
_h109519
_i101380
_si
_t$1.335.35
999 _c89851
_d89851